| 000 | 01782nas a2200277Ia 4500 | ||
|---|---|---|---|
| 001 | R262-R5968 | ||
| 003 | IT-CnALBA | ||
| 008 | 170116c99999999xx |||||||||||| ||und|| | ||
| 040 |
_aIT-CnALBA _cIT-CnALBA |
||
| 041 | _aINGLESE | ||
| 100 | _aBOYER CAROLUS, SJ. | ||
| 210 | _aUNITAS INTERNATIONAL REVIEW OF ECUMENISM | ||
| 222 | _aUNITAS INTERNATIONAL REVIEW OF ECUMENISM | ||
| 245 | 0 | _aUNITAS. INTERNATIONAL REVIEW OF ECUMENISM. PRIMAVERA 1962. | |
| 250 | _a1a ed. | ||
| 260 |
_a ROME _bUNITAS ASSOCIATION _c1962 [1° Ed.:1962 - Ed.Ling.Originale: 1962] |
||
| 300 | _a88 p. | ||
| 310 | _aQUADRIMESTRALE | ||
| 362 | _aFascicolo: 1 / Anno: 14 (1962) | ||
| 500 | _aVERITÀ E TOLLERANZA GORDILLO M. IL PELLEGRINO DELL'UNITÀ E LE NORME CATTOLICHE PER L'ECUMENISMO DEL NOSTRO TEMPO. HYGIN G. CARDINALE, IL CONCILIO DI CALCEDONIA E LE RELAZIONI DEL PATRIARCATO MELKITA DI ANTIOCHIA E L'ANTICA SEDE. COMMMENTI E DOCUMENTI. ECUMENISMO E UNITÀ, LIBRI E RIVISTE. IL CONCILIO DELL'UNITÀ DEI CRISTIANI. CONFERENZA DEL CARDINAL A. BEA. PUNTO DI VISTA CATTOLICO SULL'UNITÀ DEI CRISTIANI. INTERVISTA AL PATRIARCA DI ROMANIA. | ||
| 501 | _aSocietà San Paolo EM - Piazza San Paolo, 14 - 12051 ALBA (CN) (non commercial uses only) ® Copyright 2017 | ||
| 520 | _aVERITÀ E TOLLERANZA GORDILLO M. IL PELLEGRINO DELL'UNITÀ E LE NORME CATTOLICHE PER L'ECUMENISMO DEL NOSTRO TEMPO. HYGIN G. CARDINALE, IL CONCILIO DI CALCEDONIA E LE RELAZIONI DEL PATRIARCATO MELKITA DI ANTIOCHIA E L'ANTICA SEDE. COMMMENTI E DOCUMENTI. ECUMENISMO E UNITÀ, LIBRI E RIVISTE. IL CONCILIO DELL'UNITÀ DEI CRISTIANI. CONFERENZA DEL CARDINAL A. BEA. PUNTO DI VISTA CATTOLICO SULL'UNITÀ DEI CRISTIANI. INTERVISTA AL PATRIARCA DI ROMANIA. | ||
| 650 | _aECCLESIOLOGIA | ||
| 942 | _cCR | ||
| 957 | _71 | ||
| 999 |
_a53889 _bNO _g1 _c324508 _d324508 |
||